000 00454nam a2200181Ia 4500
003 GCL
008 140319s9999 xx 000 0 eng d
040 _aGCL /
_cGCL
082 0 4 _a726.5
_bD N
100 1 _aDURAND, JEANNE E
245 1 0 _aNOTRE - DAME DE PARIS /
_cDURAND, JEANNE E
260 _a[S.N] :
_bLIBRAIRIE BLOUD ETGAY
300 _a55 P P
650 0 4 _aNOTRE DAME
650 0 4 _aARCHITECTURE - CHURCH
650 0 4 _aCHURCH
942 _2ddc
_cBK
999 _c12380
_d12380